00351nam a22001217a 4500003000500000005001700005008004100022050002100063082002700084245004500111260004300156300003000199SISC20160316101702.0130906t xxu||||| |||| 00| 0 eng d aPE 1b.H689 2006 aHS 418.00 bH66-7 2006 aLanguage & writing 7 /cDavid Hodgkinson aSingapore :bThomson Learning, cc2006 a160 p. :bill. ;c24 cm.